000 00618nmm a2200193Ia 4500
008 251105s9999||||xx |||||||||||||||||und||
020 _a9788415538868
041 _aspa
100 _aRuiz de Velasco, Ruperto
245 0 _aCantos populares de España. La jota aragonesa, estudio crítico descriptivo
264 _a[Madrid, España] :
_bPrensas Universitarias de Zaragoza,
_c2012
300 _a158 páginas
490 _aPUZClásicos
650 _aMusic
700 _aRuiz de Velasco, Ruperto
700 1 _a Gimeno Arlanzón, Begoña
856 _uhttps://public.digitaliapublishing.com/a/42795
942 _cCF
999 _c70847
_d70847